| Tag |
First Indicator |
Second Indicator |
Subfields |
| LEADER |
00000cam a2200000 i 4500 |
| 001 |
in00003737821 |
| 005 |
20170926151047.0 |
| 008 |
160215t20162016ilua b 001 0 eng c |
| 010 |
|
|
|a 2016007547
|
| 020 |
|
|
|a 9780226358642
|q hardcover :
|q alkaline paper
|
| 020 |
|
|
|a 022635864X
|q hardcover :
|q alkaline paper
|
| 020 |
|
|
|z 9780226396552
|q electronic book
|
| 035 |
|
|
|a (OCoLC)ocn940342255
|
| 040 |
|
|
|a ICU/DLC
|e rda
|c DLC
|d UtOrBLW
|
| 043 |
|
|
|a e-uk---
|
| 049 |
|
|
|a TXAM
|
| 050 |
0 |
0 |
|a NC1470
|b .J36 2016
|
| 082 |
0 |
0 |
|a 741.5/6941
|2 23
|
| 100 |
1 |
|
|a Janes, Dominic,
|e author.
|0 http://id.loc.gov/authorities/names/n97040755
|
| 245 |
1 |
0 |
|a Oscar Wilde prefigured :
|b queer fashioning and British caricature, 1750-1900 /
|c Dominic Janes.
|
| 264 |
|
1 |
|a Chicago :
|b University of Chicago Press,
|c [2016]
|
| 264 |
|
4 |
|c ©2016
|
| 300 |
|
|
|a xiv, 279 pages ;
|c 24 cm.
|
| 336 |
|
|
|a text
|b txt
|2 rdacontent
|
| 337 |
|
|
|a unmediated
|b n
|2 rdamedia
|
| 338 |
|
|
|a volume
|b nc
|2 rdacarrier
|
| 504 |
|
|
|a Includes bibliographical references (pages 237-268) and index.
|
| 505 |
0 |
0 |
|t Introduction --
|g "Dammee Sammy you'r a sweet pretty Creature"
|t Macaronis --
|t Men of feeling -- The later eighteenth century: conclusions --
|g "Corps de beaux"
|t Regency dandies --
|t Byronists --
|t The earlier nineteenth century: conclusions --
|g "An unspeakable of the Oscar Wilde Sort"
|t Aesthetes --
|t New men --
|t The later nineteenth century: conclusions.
|
| 520 |
|
|
|a "I do not say you are it, but you look it, and you pose at it, which is just as bad," Lord Queensbury challenged Oscar Wilde in the courtroom which erupted in laughter accusing Wilde of posing as a sodomite. What was so terrible about posing as a sodomite, and why was Queensbury's horror greeted with such amusement? In Oscar Wilde Prefigured, Dominic Janes suggests that what divided the two sides in this case was not so much the question of whether Wilde was or was not a sodomite, but whether or not it mattered that people could appear to be sodomites. For many, intimations of sodomy were simply a part of the amusing spectacle of sophisticated life.Oscar Wilde Prefigured is a study of the prehistory of this "queer moment" in 1895. Janes explores the complex ways in which men who desired sex with men in Britain had expressed such interests through clothing, style and deportment since the mid-eighteenth century. He supplements the well-established narrative of the inscription of sodomitical acts into a homosexual label and identity at the end of the nineteenth century by teasing out the means by which same-sex desires could be signaled through visual display in Georgian and Victorian Britain.
|
| 650 |
|
0 |
|a Caricature
|x Social aspects
|z Great Britain.
|
| 650 |
|
0 |
|a Gay men
|z Great Britain
|v Caricatures and cartoons.
|
| 650 |
|
0 |
|a Dandies
|z Great Britain
|v Caricatures and cartoons.
|
| 650 |
|
0 |
|a Gay men in art.
|0 http://id.loc.gov/authorities/subjects/sh97000998
|
| 650 |
|
0 |
|a Homosexuality and art
|z Great Britain.
|
| 650 |
|
0 |
|a Homosexuality
|z Great Britain
|x History
|y 19th century.
|
| 650 |
|
0 |
|a Homosexuality
|z Great Britain
|x History
|y 18th century.
|
| 945 |
|
|
|b 875348
|
| 947 |
|
|
|a A14813771483
|
| 948 |
|
|
|a cataloged
|b h
|c 2016/12/19
|d c
|e dmitchel
|f 3:30:30 pm
|
| 994 |
|
|
|a C0
|b TXA
|
| 999 |
f |
f |
|s a1f13ffd-299c-336b-a022-94ee3f4a3bb5
|i 404a6518-47c3-3a06-9417-8e40fe997853
|t 0
|
| 952 |
f |
f |
|p normal
|a Texas A&M University
|b College Station
|c Sterling C. Evans Library
|d Evans: Library Stacks
|t 0
|e NC1470 .J36 2016
|h Library of Congress classification
|i unmediated -- volume
|m A14813771483
|
| 998 |
f |
f |
|a NC1470 .J36 2016
|t 0
|l Evans: Library Stacks
|